<?xml version="1.0" encoding="UTF-8"?>
<collection xmlns="http://www.loc.gov/MARC21/slim">
 <record>
  <leader>06082nam a2200397 a 4500</leader>
  <controlfield tag="001">kal1577</controlfield>
  <controlfield tag="003">Gr-AtHEAL</controlfield>
  <controlfield tag="005">20160425133155.0</controlfield>
  <controlfield tag="006">m        d        </controlfield>
  <controlfield tag="008">160413s2015    gr      s           gre|c</controlfield>
  <datafield tag="020" ind1=" " ind2=" ">
   <subfield code="a">9789606031243</subfield>
  </datafield>
  <datafield tag="040" ind1=" " ind2=" ">
   <subfield code="a">GR-AtHEAL</subfield>
   <subfield code="b">gre</subfield>
   <subfield code="c">GR-AtHEAL</subfield>
  </datafield>
  <datafield tag="082" ind1="0" ind2="4">
   <subfield code="a">572.8</subfield>
   <subfield code="2">23</subfield>
  </datafield>
  <datafield tag="100" ind1="1" ind2=" ">
   <subfield code="a">Νικολάου, Χριστόφορος.</subfield>
   <subfield code="8">284</subfield>
  </datafield>
  <datafield tag="245" ind1="1" ind2="0">
   <subfield code="a">Υπολογιστική βιολογία</subfield>
   <subfield code="h">[Ηλεκτρονικός πόρος] </subfield>
   <subfield code="b">Αρχές και μέθοδοι ανάλυσης βιολογικών δεδομένων</subfield>
   <subfield code="c">Νικολάου, Χριστόφορος ;  Χουβαρδάς, Παναγιώτης ;  Κριτικός αναγνώστης,Μπάγκος, Παντελεήμων.</subfield>
  </datafield>
  <datafield tag="260" ind1=" " ind2=" ">
   <subfield code="a">Αθήνα :</subfield>
   <subfield code="b">Σύνδεσμος Ελληνικών Ακαδημαϊκών Βιβλιοθηκών,</subfield>
   <subfield code="c">c2015.</subfield>
  </datafield>
  <datafield tag="490" ind1=" " ind2=" ">
   <subfield code="a">Ακαδημαϊκά Ηλεκτρονικά Συγγράμματα και Βοηθήματα Κάλλιπος</subfield>
   <subfield code="8">40</subfield>
  </datafield>
  <datafield tag="520" ind1=" " ind2=" ">
   <subfield code="a">Το συγκεκριμένο βιβλίο έχει σκοπό να καλύψει ένα μεγάλο φάσμα θεμάτων των σύγχρονων βιοεπιστημών κάτω από το ενοποιητικό πρίσμα της υπολογιστικής βιολογίας. Στο επίκεντρό του βρίσκονται οι υπολογιστικές προσεγγίσεις σε προβλήματα ανάλυσης βιολογικών δεδομένων και από αυτήν την άποψη η θεματολογία του βρίσκεται στην τομή διαφορετικών ειδικοτήτων με το κύριο βάρος να μοιράζεται μεταξύ των βιοεπιστημών, των μαθηματικών και της στατιστικής και της επιστήμης υπολογιστών. Η θεματολογία του βιβλίου θα διαρθρωθεί σε 13 κεφάλαια σε αναλογία με τον αντίστοιχο αριθμό εβδομάδων ενός ακαδημαϊκού εξαμήνου. Από αυτά, το πρώτο και το τελευταίο θα περιέχουν τις βασικές εισαγωγικές έννοιες και παραδείγματα εφαρμογής της Υπολογιστικής Βιολογίας αντίστοιχα, ενώ τα ενδιάμεσα 11 θα είναι αφιερωμένα σε συγκεκριμένα βιολογικά προβλήματα. Πιο αναλυτικά, το βιβλίο θα καλύπτει θέματα ανάλυσης αλληλουχιών (γονιδιωματική σύσταση, πρωτοταγής δομή, μοτίβα, στοίχιση πρωτοταγών αλληλουχιών, Κεφ 2-5), μελέτης δευτεροταγούς δομής βιολογικών αλληλουχιών (Κεφ 6), φυλογενετικής ανάλυσης (Κεφ 7), ανάλυσης της γονιδιακής έκφρασης (Κεφ 8-9), μελέτης βιολογικών δικτύων (Κεφ 10), ανάλυσης της γενετικής ποικιλομορφίας (Κεφ 11) και επεξεργασίας βιολογικών δεδομένων μεγάλης κλίμακας (Κεφ 12). Κάθε κεφάλαιο θα διαρθρώνεται με τρόπο τέτοιο ώστε να καλύπτει τόσο τις βασικές βιολογικές αρχές του υπο μελέτη προβλήματος, όσο και τις μαθηματικές έννοιες και τις υπολογιστικές μεθοδολογίες για την επίλυσή του. Παράλληλα με την ανάπτυξη των θεμάτων θα υπάρχουν μια ή περισσότερες πρακτικές ασκήσεις που σκοπό θα έχουν την εξοικείωση των φοιτητών με τις αντίστοιχες μεθοδολογίες, καθώς ανάμεσα στους στόχους του συγκεκριμένου συγγράματος είναι να μπορεί να λειτουργήσει ταυτόχρονα και σαν εργαστηριακό εγχειρίδιο. Στο τέλος κάθε κεφαλαίου θα παρατίθενται παραδείγματα εφαρμογών και αναλυτική βιβλιογραφία με υποδείξεις για το επιπέδο στο οποίο ο φοιτητής επιθυμεί να εμβαθύνει τις γνώσεις του σε συγκεκριμένα επιμέρους θέματα.</subfield>
  </datafield>
  <datafield tag="650" ind1=" " ind2="0">
   <subfield code="a">Computational biology</subfield>
   <subfield code="8">2433</subfield>
  </datafield>
  <datafield tag="650" ind1=" " ind2="0">
   <subfield code="a">Bioinformatics</subfield>
   <subfield code="8">2434</subfield>
  </datafield>
  <datafield tag="653" ind1=" " ind2=" ">
   <subfield code="a">Μηχανική μάθηση</subfield>
  </datafield>
  <datafield tag="653" ind1=" " ind2=" ">
   <subfield code="a">Αλγόριθμοι</subfield>
  </datafield>
  <datafield tag="653" ind1=" " ind2=" ">
   <subfield code="a">Βιοστατιστική</subfield>
  </datafield>
  <datafield tag="653" ind1=" " ind2=" ">
   <subfield code="a">Υπολογιστική βιολογία</subfield>
  </datafield>
  <datafield tag="653" ind1=" " ind2=" ">
   <subfield code="a">Βιοπληροφορική</subfield>
  </datafield>
  <datafield tag="653" ind1=" " ind2=" ">
   <subfield code="a">Επιστήμες της ζωής</subfield>
   <subfield code="a">Βιομαθηματικά</subfield>
  </datafield>
  <datafield tag="653" ind1=" " ind2=" ">
   <subfield code="a">Επιστήμη υπολογιστών/πληροφορική</subfield>
   <subfield code="a">Ευφυή συστήματα</subfield>
   <subfield code="a">Βασική μηχανική μάθηση</subfield>
  </datafield>
  <datafield tag="653" ind1=" " ind2=" ">
   <subfield code="a">Επιστήμη υπολογιστών/πληροφορική</subfield>
   <subfield code="a">Αλγόριθμοι και πολυπλοκότητα</subfield>
  </datafield>
  <datafield tag="653" ind1=" " ind2=" ">
   <subfield code="a">Επιστήμες της ζωής</subfield>
   <subfield code="a">Τεχνολογίες και εφαρμογές</subfield>
   <subfield code="a">Βιοπληροφορική</subfield>
  </datafield>
  <datafield tag="700" ind1="1" ind2=" ">
   <subfield code="a">Χουβαρδάς, Παναγιώτης</subfield>
   <subfield code="e">Συγγραφέας</subfield>
   <subfield code="8">285</subfield>
  </datafield>
  <datafield tag="700" ind1="1" ind2=" ">
   <subfield code="a">Μπάγκος, Παντελεήμων</subfield>
   <subfield code="e">Κριτικός αναγνώστης</subfield>
   <subfield code="8">286</subfield>
  </datafield>
  <datafield tag="856" ind1="4" ind2="0">
   <subfield code="u">http://hdl.handle.net/11419/1577</subfield>
   <subfield code="z">Πλήρες Κείμενο - Full text</subfield>
  </datafield>
  <datafield tag="907" ind1=" " ind2=" ">
   <subfield code="a">.b25680018</subfield>
   <subfield code="b">12-06-18</subfield>
   <subfield code="c">29-07-16</subfield>
  </datafield>
  <datafield tag="949" ind1=" " ind2=" ">
   <subfield code="0">0</subfield>
   <subfield code="1">0</subfield>
   <subfield code="2">ddc</subfield>
   <subfield code="4">0</subfield>
   <subfield code="6">572_800000000000000_ΝΙΚ</subfield>
   <subfield code="7">0</subfield>
   <subfield code="8">KALL</subfield>
   <subfield code="8">760</subfield>
   <subfield code="d">2016-04-13</subfield>
   <subfield code="r">2016-04-13</subfield>
   <subfield code="w">2016-04-13</subfield>
   <subfield code="z">572.8 ΝΙΚ</subfield>
   <subfield code="o">SEAB KALLIPOS</subfield>
  </datafield>
  <datafield tag="998" ind1=" " ind2=" ">
   <subfield code="a">80</subfield>
   <subfield code="a">01</subfield>
   <subfield code="a">02</subfield>
   <subfield code="a">03</subfield>
   <subfield code="a">04</subfield>
   <subfield code="a">05</subfield>
   <subfield code="a">06</subfield>
   <subfield code="a">07</subfield>
   <subfield code="a">08</subfield>
   <subfield code="a">09</subfield>
   <subfield code="a">10</subfield>
   <subfield code="a">11</subfield>
   <subfield code="a">12</subfield>
   <subfield code="a">13</subfield>
   <subfield code="a">14</subfield>
   <subfield code="a">15</subfield>
   <subfield code="a">16</subfield>
   <subfield code="a">17</subfield>
   <subfield code="a">18</subfield>
   <subfield code="a">19</subfield>
   <subfield code="a">20</subfield>
   <subfield code="a">21</subfield>
   <subfield code="a">22</subfield>
   <subfield code="a">23</subfield>
   <subfield code="a">24</subfield>
   <subfield code="a">25</subfield>
   <subfield code="a">26</subfield>
   <subfield code="b">16-05-17</subfield>
   <subfield code="c">m</subfield>
   <subfield code="d">z  </subfield>
   <subfield code="e">-</subfield>
   <subfield code="f">gre</subfield>
   <subfield code="g">gr </subfield>
   <subfield code="h">0</subfield>
  </datafield>
  <datafield tag="942" ind1=" " ind2=" ">
   <subfield code="2">ddc</subfield>
   <subfield code="c">KALLIPOS</subfield>
  </datafield>
 </record>
</collection>
